000 00587nmm a2200229 a 4500
003 AR-BaBNM
005 20251128202833.0
008 182020s[s.f ||||||||||||||000 | spa||
040 _cAR-BaBNM
100 1 _aGonzález Trillo, E.
245 1 0 _aHistoria de la literatura americana y argentina
250 _a3ª ed.
260 _aBuenos Aires
_bs.e.
_c[s.f.]
300 0 _a220 p.
650 4 _aLITERATURA ARGENTINA
650 4 _aHISTORIA LITERARIA
650 4 _aLITERATURA LATINOAMERICANA
655 _aLITERATURA
700 1 _aOrtiz Behety, L.
942 _cBK
998 _cMARTIN
999 _c815
_d815